000 02188na a2200445 4500
001 21518
003 MIRAKIL
005 20181213154934.0
008 170205b tu 000 0
035 _a13036
040 _aMilas
_btur
_cTR-AnCHP
041 _atur
082 _aCHP 338.9566
_bC36d 2000/1
090 _aCHP 338.9566 C36d 2000/1
100 _aHacaloğlu, Algan
_cCHP MYK üyesi
245 _a"Demokratikleşme" ve "Doğu-Güneydoğu" Anadolu kalkınması temel politikaları
_b(01/01/2000)
_cAlgan Hacaloğlu
246 _aDoğu Güneydoğu Anadolu kalkınması temel politikaları
246 _aDemokratikleşme ve Doğu Güneydoğu Anadolu kalkınması temel politikaları
260 _aAnkara
_bCHP
_cOcak 2000
300 _a24 s.
_c30 sm.
440 _aCumhuriyet Halk Partisi yayınları
_pRaporlar
500 _aYerel numaradaki sayılar, raporların sunulduğu ayları temsil eder : Ocak -1 ; Şubat -2 ; Mart -3 ; Nisan -4 ; Mayıs -5; Haziran -6 ; Temmuz-7 ; Ağustos -8 ; Eylül -9 ; Ekim -10 ; Kasım -11 ; Aralık -12
500 _aNot: Bu çalışma Partinin bu güne değin yazılı çalışma ve belgelerinde yer alan görüşler temel alınarak, Parti içi bir tartışma metni olarak hazırlanmıştır).
505 _a[Doğu ve Güneydoğu Anadolu'da] durum - Temel politikalar - Demokratikleşme - Kürt sorunu - İç güvenlik - Bölgesel sosyo-ekonomik kalkınma
610 _aCHP
_xDoğu ve Güneydoğu sorunu
_yRaporlar
610 _aCHP
_xKürt sorunu
_yÇözüm önerileri
610 _aCHP
_xKürt sorunu
_yRaporlar
610 _aCHP
_xDoğu ve Güneydoğu politikaları
610 _aCHP
_xBölgesel kalkınma politikaları
_zDoğu ve Güneydoğu Anadolu Bölgesi
650 _aTerörizm
_xRaporlar
_zTürkiye
650 _aKürt sorunu
_xRaporlar
_zTürkiye
651 _aDoğu ve Güneydoğu Anadolu Bölgesi
_xSosyo ekonomik durum
_yRaporlar
657 _aSomut politikalar raporu, 2000
657 _aCHP Kürt sorunu raporu, 2000
657 _aCHP Doğu ve Güneydoğu raporu, 2000
740 _aCHP Doğu ve Güneydoğu raporları
830 _aCHP raporları
942 _2dcc
_cBKS
999 _c3520
_d3520